Aktuálne otázky činnosti IFC - Medzinárodnej finančnej korporácie v súčasnom období diplomová práca

Gespeichert in:
Bibliographische Detailangaben
1. Verfasser: Kováčová, Andrea
Körperschaft: Národohospodárska fakulta EU. Katedra bankovníctva a medzinárodných financií
Weitere Verfasser: Jankovská, Anežka
Format: Buch
Sprache:Slowakisch
Veröffentlicht: Bratislava 2012
Tags: Tag hinzufügen
Keine Tags, Fügen Sie das erste Tag hinzu!

MARC

LEADER 00000nbm a2200000 4500
001 0153441
005 20161109102113.7
041 0 |a slo 
044 |a SK 
245 1 0 |a Aktuálne otázky činnosti IFC - Medzinárodnej finančnej korporácie v súčasnom období  |b diplomová práca  |c Andrea Kováčová ; školiteľ: Anežka Jankovská 
264 1 |a Bratislava  |c 2012 
300 |a 66 s. 
100 1 |a Kováčová, Andrea 
700 1 |a Jankovská, Anežka 
710 2 |a Národohospodárska fakulta EU. Katedra bankovníctva a medzinárodných financií